Statistics for Historic German Countries on a Map

Click here to take the quiz!

General Stats

  • This quiz has been taken 1,519 times
  • The average score is 12 of 20

Answers on the Map

Answers color-coded by a green-red scale on the quiz's map according to % correct below.
 

Answer Stats

Answer% Correct
Brandenburg-Prussia
96%
Prussia
96%
East Germany
95%
West Germany
94%
Nazi Germany
88%
Holy Roman Empire
87%
Bavaria
81%
German Empire
69%
Weimar Republic
68%
Hesse and by Rhine
55%
Baden
51%
Württemberg
48%
North German Confederation
45%
Teutonic Order
45%
Danzig
42%
Confederation of the Rhine
40%
Saar Basin
34%
Livonian Order
31%
East Francia
26%
Memel
19%

Score Distribution

Percentile by Number Answered

Percent of People with Each Score

Your Score History

You have not taken this quiz